Office Management : (Record no. 10550)

MARC details
000 -LEADER
fixed length control field 00764nam a22002417a 4500
003 - CONTROL NUMBER IDENTIFIER
control field URS
005 - DATE AND TIME OF LATEST TRANSACTION
control field 20250701100556.0
008 - FIXED-LENGTH DATA ELEMENTS--GENERAL INFORMATION
fixed length control field 190614b ||||| |||| 00| 0 eng d
020 ## - INTERNATIONAL STANDARD BOOK NUMBER
International Standard Book Number 9710860127
040 ## - CATALOGING SOURCE
Language of cataloging English
Transcribing agency URS
Description conventions rda
050 00 - LIBRARY OF CONGRESS CALL NUMBER
Classification number HF5547
Item number .M672 1999
100 ## - MAIN ENTRY--PERSONAL NAME
Personal name Miranda, Gregorio S.,
Relator term author.
9 (RLIN) 2904
245 ## - TITLE STATEMENT
Title Office Management :
Remainder of title principles and practices /
Statement of responsibility, etc Gregorio S. Miranda, Carmelita M. Miranda.
250 ## - EDITION STATEMENT
Edition statement 4th ed.
264 ## - PUBLICATION, DISTRIBUTION, ETC. (IMPRINT)
Place of publication, distribution, etc Manila :
Name of publisher, distributor, etc National Book Store,
Date of publication, distribution, etc ©1999.
300 ## - PHYSICAL DESCRIPTION
Extent 245 pages ;
Dimensions 22 cm.
336 ## - CONTENT TYPE
Content type term text
Content type code txt
Source rdacontent
337 ## - MEDIA TYPE
Media type term unmediated
Media type code n
Source rdamedia
338 ## - CARRIER TYPE
Carrier type term volume
Carrier type code nc
Source rdacarrier
650 #0 - SUBJECT ADDED ENTRY--TOPICAL TERM
Topical term or geographic name as entry element Office management
9 (RLIN) 5030
700 ## - ADDED ENTRY--PERSONAL NAME
Personal name Gow, Carmelita Miranda,
Relator term author.
9 (RLIN) 2907
942 ## - ADDED ENTRY ELEMENTS (KOHA)
Source of classification or shelving scheme Library of Congress Classification
Koha item type Filipiniana
Holdings
Withdrawn status Lost status Source of classification or shelving scheme Damaged status Not for loan Collection code Home library Current library Shelving location Date acquired Source of acquisition Cost, normal purchase price Total Checkouts Full call number Barcode Date last seen Copy number Koha item type Price effective from
    Library of Congress Classification     Non-fiction Rodriguez College Library Rodriguez College Library Reference 02/18/2017       HF5547 M672 1999 URSROD-2991 02/18/2017   Filipiniana 02/18/2017
    Library of Congress Classification     Non-fiction Taytay College Library Taytay College Library Filipiniana Section 06/14/2019 Purchased 185.00   HF5547 .M672 1999 URSTAY-566 06/02/2025 1 Filipiniana  
    Library of Congress Classification     Non-fiction Taytay College Library Taytay College Library Filipiniana Section 06/14/2019 Purchased 185.00   HF5547 .M672 1999 URSTAY-567 06/02/2025 2 Filipiniana  

University of Rizal System
Email us at univlibservices@urs.edu.ph

Visit our Website www.urs.edu.ph/library